Statistics for Speedway World Pairs Championship medalists (1970-1993)

Click here to take the quiz!

General Stats

  • This quiz has been taken 24 times
  • The average score is 90 of 153

Answer Stats

RokMiastoZłoto% Correct
Hans Nielsen
100%
Hans Nielsen
100%
1991PoznańHans Nielsen
100%
Hans Nielsen
100%
1989LesznoHans Nielsen
100%
1988BradfordHans Nielsen
100%
1987PardubiceHans Nielsen
100%
1986PockingHans Nielsen
100%
Hans Nielsen
100%
Hans Nielsen
100%
Hans Nielsen
100%
Hans Nielsen
100%
Ivan Mauger
100%
Ivan Mauger
100%
Ivan Mauger
100%
Ivan Mauger
100%
1970MalmoeIvan Mauger
100%
Ivan Mauger
100%
Ivan Mauger
100%
1990LandshutJan O. Pedersen
100%
Jan O. Pedersen
100%
Greg Hancock
86%
Greg Hancock
86%
Sam Ermolenko
86%
1992LonigoSam Ermolenko
86%
Sam Ermolenko
86%
Sam Ermolenko
86%
Sam Ermolenko
86%
Zenon Plech
86%
Zenon Plech
86%
Zenon Plech
86%
Zenon Plech
86%
1971RybnikAndrzej Wyglenda
71%
Barry Briggs
71%
Barry Briggs
71%
Edward Jancarz
71%
Edward Jancarz
71%
Edward Jancarz
71%
Edward Jancarz
71%
Jerzy Szczakiel
71%
Kelly Moran
71%
Kelly Moran
71%
Mitch Shirra
71%
Ole Olsen
71%
Ole Olsen
71%
Ole Olsen
71%
Ole Olsen
71%
Ole Olsen
71%
1979VojensOle Olsen
71%
Ole Olsen
71%
Ove Fundin
71%
Phil Crump
71%
Shawn Moran
71%
Shawn Moran
71%
Tommy Knudsen
71%
Tommy Knudsen
71%
Tommy Knudsen
71%
1993VojensTony Rickardsson
71%
Tony Rickardsson
71%
Anders Michanek
57%
1975WrocławAnders Michanek
57%
1973BorasAnders Michanek
57%
1974ManchesterAnders Michanek
57%
Anders Michanek
57%
Bobby Schwartz
57%
1982LiverpoolBobby Schwartz
57%
Bobby Schwartz
57%
1981ChorzówBruce Penhall
57%
1980KrskoDave Jessup
57%
Egon Muller
57%
Erik Gundersen
57%
Erik Gundersen
57%
Erik Gundersen
57%
Erik Gundersen
57%
Erik Gundersen
57%
Erik Gundersen
57%
1985RybnikErik Gundersen
57%
Jimmy Nilsen
57%
Jimmy Nilsen
57%
1976EskilstunaJohn Louis
57%
Kelvin Tatum
57%
Kelvin Tatum
57%
Kelvin Tatum
57%
Kelvin Tatum
57%
Kelvin Tatum
57%
1983GoteborgKenny Carter
57%
Kenny Carter
57%
Kenny Carter
57%
Lars Gunnestad
57%
Leigh Adams
57%
Michael Lee
57%
Per Jonsson
57%
Per Jonsson
57%
Per Jonsson
57%
Per Jonsson
57%
Peter Collins
57%
Peter Collins
57%
Peter Collins
57%
Peter Collins
57%
1977ManchesterPeter Collins
57%
Simon Wigg
57%
Simon Wigg
57%
Antonin Kasper
43%
Bernt Persson
43%
Bernt Persson
43%
Bernt Persson
43%
Bernt Persson
43%
Billy Sanders
43%
1984LonigoChris Morton
43%
Dennis Sigalos
43%
Einar Kyllingstad
43%
Finn Thomsen
43%
Finn Thomsen
43%
Gary Havelock
43%
Henrik Gustafsson
43%
Henrik Gustafsson
43%
Henrik Gustafsson
43%
Malcolm Simmons
43%
Malcolm Simmons
43%
1978ChorzówMalcolm Simmons
43%
Malcolm Simmons
43%
Nigel Boocock
43%
1972BorasRay Wilson
43%
Ronnie Correy
43%
Ronnie Correy
43%
Ronnie Moore
43%
Ronnie Moore
43%
Sandor Tihanyi
43%
Todd Wiltshire
43%
Zoltan Adorjan
43%
Brian Karger
29%
Eric Boocock
29%
John Boulger
29%
Martin Dugard
29%
Paul Thorp
29%
Soren Sjosten
29%
Terry Betts
29%
Tommy Jansson
29%
Tommy Jansson
29%
Tor Einar Hielm
29%
Bengt Jansson
14%
Bengt Jansson
14%
Gary Guglielmi
14%
Gordon Kennett
14%
Larry Ross
14%
Larry Ross
14%
Roman Matousek
14%
Zbigniew Marcinkowski
14%
Hans Holmqvist
0%
Hans Wassermann
0%
Jan Henningsen
0%
Kurt Bogh
0%
Piotr Bruzda
0%

Score Distribution

Percentile by Number Answered

Percent of People with Each Score

Your Score History

You have not taken this quiz